000 00654nam a2200193 a 4500
001 000034829
005 20200930073929.0
008 111020s1957 ag 000 0 spa d
040 _aDO-SdBNP
_bspa
_cBNPHU
082 _axxxx
_aM552n
100 1 _aMerani, Alberto L.
_960349
245 1 0 _aDel niño al hombre social :
_bun análisis de psicología infantil /
_cAlberto L. Merani.
260 _aBuenos Aires :
_bNueva Visión,
_c1957.
300 _axi, 117 p. ;
_c21 cm.
490 1 _aInterciencia
504 _aBibliografía : p.110-117
590 _aPerteneció a la biblioteca personal de Juan Isidro Jimenes Grullón
830 0 _aInterciencia
_960152
999 _c34320
_d34320